000 00553nam a2200205Ia 4500
003 IIN
005 20250521123736.0
008 231217s2022 xx ad 001 0 eng d
020 _cRs.1095.00
_a9789354656675
040 _aIIN
_bEnglish
082 _a610.7343
_bKAM
100 1 _aKamalam, S
245 1 _aEssentials in Community Health Nursing Practice /
_cS. kamalam
250 _a4th ed
260 _aNew Delhi
_bJaypee
_c2022
300 _axxxiv, 942p.
500 _aIncludes Index
650 1 _aCommunity Health Nursing
_vPractice
942 _cBOOK
999 _c1324
_d1324